000 01308nam a2200265Ia 4500
003 OSt
005 20221005133627.0
006 a|||||r|||| 00| 0
007 ta
008 221004b |||||||| |||| 00| 0 hin d
024 _a10345
037 _cTextual
040 _aCRL
_cCRL
_bhin
041 _2hin
_ahin
100 _aपवन कुमार, ले.
110 _aदिल्ली विश्वविद्यालय. संगीत एवं ललित कला संकाय. संगीत विभाग
245 0 _aरागदारी संगीत में प्रयुक्त होने वाले पंजाब के परम्परागत वाद्य व उनके प्रमुख कलाकार - एक अध्ययन
246 _aRāgadārī sangīt mean prayukta hone vāle panjāb ke paramparāgat vādya v unake pramukh kalākār - ek adhyayana
260 _c2012
300 _a306पृ0
_ccm.
650 _aहिन्दी साहित्य
700 _aदिल्ली विश्वविद्यालय. संगीत एवं ललित कला संकाय. संगीत विभाग
942 _cTEXL
_2cc
999 _c1067374
_d1067374